| 000 | 00529nam a22001937a 4500 | ||
|---|---|---|---|
| 003 | KOHA_MİRAKIL | ||
| 005 | 20251224161456.0 | ||
| 008 | 251224b tu ||||| |||| 00| 0 tur d | ||
| 020 | _a9786053497660 | ||
| 040 |
_aTR-AnABB _btur _cTR-AnABB |
||
| 041 | _atur | ||
| 082 |
_a823.914 _bCOO 2016 |
||
| 100 | 1 | _aCooper, Jasper, | |
| 245 | 1 | 0 |
_aGümüş kuyu / _cJasper Cooper |
| 260 |
_aİstanbul : _bSedir Yayınları, _c2016 |
||
| 300 |
_a538 sayfa ; _c20 cm |
||
| 650 | 0 | 4 | _aİngiliz edebiyatı, roman |
| 942 |
_2ddc _cBK |
||
| 999 |
_c9960 _d9960 |
||
| 900 | _bGizem YORULMAZ | ||